Building the Information Society : IFIP 18th World Computer Congress Topical Sessions 22-27 August 2004 Toulouse, France

Salvato in:
Dettagli Bibliografici
Altri autori: Jacquart, René (Redattore)
Natura: Libro
Lingua:inglese
Pubblicazione: Boston : Kluwer Academic Publishers, 2004
Tags: Aggiungi Tag
Nessun Tag, puoi essere il primo ad aggiungerne!!

MARC

LEADER 00000nam a22000003a 4500
001 stu262784
005 20150617230214.1
008 130218s--------xxu-----------------eng-d
020 |a 1-4020-8156-1 
040 |a STU  |b slo 
041 0 |a eng 
044 |a xxu 
100 1 |a Jacquart, René  |4 edt 
245 1 |a Building the Information Society :  |b IFIP 18th World Computer Congress Topical Sessions 22-27 August 2004 Toulouse, France 
260 |a Boston :  |b Kluwer Academic Publishers,  |c 2004 
300 |a 759 s 
996 |l II680  |s A  |a 24  |w stu262784_0001